Kvalitní česká logistika vs. lákavé Polsko
Česká logistika je dostatočne kvalitná v medzinárodnom porovnávaní. Rastu domáceho trhu však brzdí nedostatok zamestnancov, voľných kapacít, ale aj priaznivejšie podmienky pre vznik veľkých distribučných centier v Poľsku.
Salvato in:
| Autore principale: | |
|---|---|
| Natura: | Capitolo di libro |
| Lingua: | ceco |
| Soggetti: | |
| Tags: |
Nessun Tag, puoi essere il primo ad aggiungerne!!
|
MARC
| LEADER | 00000naa a2200000 4500 | ||
|---|---|---|---|
| 001 | 0217220 | ||
| 005 | 20160607095621.4 | ||
| 041 | 0 | |a cze | |
| 044 | |a CZ | ||
| 245 | 1 | 0 | |a Kvalitní česká logistika vs. lákavé Polsko |c Radek Novotný |
| 520 | |a Česká logistika je dostatočne kvalitná v medzinárodnom porovnávaní. Rastu domáceho trhu však brzdí nedostatok zamestnancov, voľných kapacít, ale aj priaznivejšie podmienky pre vznik veľkých distribučných centier v Poľsku. | ||
| 610 | 2 | 0 | |a Česko |
| 610 | 2 | 0 | |a centrá logistické |
| 610 | 2 | 0 | |a Poľsko |
| 610 | 2 | 0 | |a konkurencieschopnosť |
| 610 | 2 | 0 | |a logistika distribučná |
| 100 | 1 | |a Novotný, Radek | |